Derechos religiosos y pueblos indígenas /

Збережено в:
Бібліографічні деталі
Співавтор: Encuentro Nacional sobre Legislación y Derechos Religiosos de los Pueblos Indígenas de México ( México)
Інші автори: Escalante Betancourt, Yuri (coordinación) (coordinación), Gorodezky, Ari Rajsbaum (coordinación) (coordinación), Chávez Castillo, Sandra (coordinación) (coordinación)
Формат: Матеріали конференцій Книга
Мова:Іспанська
Опубліковано: México : Instituto Nacional Indigenista, 1998, c1998
Предмети:
Теги: Додати тег
Немає тегів, Будьте першим, хто поставить тег для цього запису!

MARC

LEADER 00000nam^a2200000^a^4500
001 000181505
005 20250521000000.0
009 20260310101935.879
037 |a Acervo ITESO - Biblioteca 
041 |a ESP 
082 |a 323. 1197  |b ENC 1998 
111 |a Encuentro Nacional sobre Legislación y Derechos Religiosos de los Pueblos Indígenas de México (  |d 1998 :  |c México) 
245 1 0 |a Derechos religiosos y pueblos indígenas /  |c Coord. de Y. Escalante Betancourt, A.R. Gorodezky, S. Chávez Castillo. 
264 4 |a México :  |b Instituto Nacional Indigenista,  |c 1998, c1998 
300 |a 167 p. 
336 |a texto  |b txt  |2 rdacontenido 
337 |a sin mediación  |b n  |2 rdamedio 
338 |a volumen  |b nc  |2 rdasoporte 
649 |a XX 
650 |a Indígenas de México -  |x Condiciones Jurídicas 
650 |a Derecho Indígena - México -  |x Congresos 
650 |a Ritos Religiosos -  |z México -  |x Aspectos Jurídicos 
650 |a Fiestas Religiosas -  |z México -  |x Aspectos Jurídicos 
650 |a Derechos Humanos -  |z México 
650 |a Derechos Civiles -  |z México 
650 |a Autodeterminación Nacional -  |x Aspectos Jurídicos 
650 |a Religión y Derecho -  |z México 
650 |a Política y Religión -  |z México 
700 |a Escalante Betancourt, Yuri  |e (coordinación) 
700 |a Gorodezky, Ari Rajsbaum  |e (coordinación) 
700 |a Chávez Castillo, Sandra  |e (coordinación) 
910 |a Fondo General 
920 |a Impresos - Libros 
930 |a Colección General 
905 |a 101 
901 |a 0500121257  |b IT1  |c ACC  |u 20250521 
902 |a https://opac.biblio.iteso.mx/vufind/Record/000181505